[Event "Madrid-ch Seniors 50"]
[Site "Madrid"]
[Date "2022.04.05"]
[Round "7"]
[White "Marin Aso, Jose Luis"]
[Black "Fiz Criado, Fidel"]
[Result "1/2-1/2"]
[WhiteElo "1834"]
[BlackElo "1861"]
[PlyCount "117"]
[EventDate "2022.03.28"]
[EventType "swiss"]
[EventRounds "9"]
[EventCountry "ESP"]
[SourceTitle "EXT 2023"]
[Source "ChessBase"]
[SourceDate "2022.10.05"]
[SourceVersion "1"]
[SourceVersionDate "2022.10.05"]
[SourceQuality "1"]

1. e4 c5 2. Nf3 Nc6 3. Nc3 e6 4. d4 cxd4 5. Nxd4 Bc5 6. Nb3 Bb6 7. Be2 Nge7 8. 0-0 0-0 9. Bg5 f6 10. Bh4 d5 11. exd5 exd5 12. Na4 Bc7 13. Bg3 Ne5 14. Nd4 a6 15. Nc5 Qd6 16. Ncb3 f5 17. f3 f4 18. Bf2 Qg6 19. Re1 Bh3 20. Bf1 Rad8 21. Kh1 Bc8 22. Nc5 N7c6 23. c3 Nxd4 24. Bxd4 Nc4 25. Bxc4 dxc4 26. Qe2 b5 27. Qf2 Rfe8 28. Rxe8+ Rxe8 29. Re1 Rxe1+ 30. Qxe1 Kf7 31. Qe4 Qxe4 32. Nxe4 h6 33. Kg1 Bf5 34. Nf2 h5 35. Kf1 g5 36. h3 Ke6 37. Ke2 a5 38. a3 Bd8 39. Kd2 Kd5 40. Ke2 b4 41. axb4 axb4 42. Bg7 b3 43. Bf8 Ke6 44. Kd2 Bb6 45. Ke2 Be3 46. Ba3 Bc2 47. Nd1 Bd3+ 48. Ke1 Bc1 49. Nf2 Bc2 50. Kf1 Ke5 51. Ke2 Kd5 52. Kf1 Kc6 53. Ke2 Kd5 54. Kf1 Ke5 55. Ke2 Bf5 56. Kd1 Be3 57. Ke2 Be6 58. Nd1 Bc1 59. Nf2 1/2-1/2

[Event "Madrid-ch Previa-B"]
[Site "Madrid"]
[Date "2020.02.15"]
[Round "5"]
[White "Marin Aso, Jose Luis"]
[Black "Lopez de Turiso, Jose Angel"]
[Result "1/2-1/2"]
[WhiteElo "1906"]
[BlackElo "1938"]
[PlyCount "31"]
[EventDate "2020.02.06"]
[EventType "swiss"]
[EventRounds "9"]
[EventCountry "ESP"]
[SourceTitle "CBM 195 Extra"]
[Source "ChessBase"]
[SourceDate "2020.05.31"]
[SourceVersion "1"]
[SourceVersionDate "2020.05.31"]
[SourceQuality "1"]

1. c4 c5 2. Nc3 g6 3. g3 Bg7 4. Bg2 Nc6 5. a3 e6 6. Rb1 Nge7 7. Nf3 d5 8. cxd5 exd5 9. d3 0-0 10. 0-0 h6 11. Na4 b6 12. b4 c4 13. b5 Na5 14. Bd2 Nb3 15. Bb4 Qc7 16. dxc4 1/2-1/2

[Event "La Pobla de Lillet op-B 29th"]
[Site "La Pobla de Lillet"]
[Date "2019.08.09"]
[Round "8"]
[White "Marin Aso, Jose Luis"]
[Black "Gomez Sanchez, Javier"]
[Result "1-0"]
[WhiteElo "1908"]
[BlackElo "1383"]
[PlyCount "63"]
[EventDate "2019.08.02"]
[EventType "swiss"]
[EventRounds "9"]
[EventCountry "ESP"]
[SourceTitle "EXT 2022"]
[Source "ChessBase"]
[SourceDate "2021.10.06"]
[SourceVersion "1"]
[SourceVersionDate "2021.10.06"]
[SourceQuality "1"]

1. c4 c5 2. Nc3 Nc6 3. g3 e5 4. Bg2 g6 5. a3 a5 6. d3 Bg7 7. e3 Nge7 8. Nge2 0-0 9. 0-0 f5 10. Nd5 Re8 11. Nec3 Kh8 12. Rb1 Rb8 13. Bd2 d6 14. Nxe7 Nxe7 15. b4 Nc6 16. bxc5 Be6 17. cxd6 Qxd6 18. Bc1 Red8 19. Bd5 e4 20. d4 Bxd5 21. cxd5 Ne7 22. Rb5 Rdc8 23. Qb3 Rc7 24. Rxa5 Rbc8 25. Bd2 g5 26. Rb5 f4 27. exf4 Bxd4 28. Nxe4 Qg6 29. Nxg5 h6 30. Ne6 Rc3 31. Bxc3 Rxc3 32. Nxd4 1-0

[Event "Tres Cantos op 11th"]
[Site "Tres Cantos"]
[Date "2019.06.25"]
[Round "4"]
[White "Gomez Rubio, Agustin"]
[Black "Marin Aso, Jose Luis"]
[Result "1/2-1/2"]
[WhiteElo "1837"]
[BlackElo "1906"]
[PlyCount "72"]
[EventDate "2019.06.22"]
[EventType "swiss"]
[EventRounds "9"]
[EventCountry "ESP"]
[SourceTitle "CBM 195 Extra"]
[Source "ChessBase"]
[SourceDate "2020.05.31"]
[SourceVersion "1"]
[SourceVersionDate "2020.05.31"]
[SourceQuality "1"]

1. e4 c5 2. Nf3 e6 3. d3 d5 4. Nbd2 Nc6 5. g3 Nf6 6. Bg2 Be7 7. 0-0 0-0 8. Re1 a6 9. e5 Nd7 10. Nf1 b5 11. h4 f6 12. exf6 Bxf6 13. Ng5 Bxg5 14. Bxg5 Nf6 15. Nh2 Qd6 16. c3 h6 17. Be3 Bb7 18. Ng4 Nxg4 19. Qxg4 e5 20. d4 cxd4 21. cxd4 e4 22. a3 Bc8 23. Qe2 Qg6 24. Rac1 Bg4 25. Qc2 Rac8 26. Qb3 Ne7 27. Rc5 Rxc5 28. dxc5 Be6 29. Qc3 Nf5 30. Bd4 e3 31. Bxe3 Nxh4 32. gxh4 Bh3 33. Bg5 Bxg2 34. Kxg2 hxg5 35. Qg3 Qc6 36. hxg5 d4+ 1/2-1/2

[Event "Madrid-ch sf"]
[Site "Madrid"]
[Date "2019.05.10"]
[Round "5"]
[White "Largo Barbero, Benito"]
[Black "Marin Aso, Jose Luis"]
[Result "1-0"]
[WhiteElo "1878"]
[BlackElo "1912"]
[PlyCount "25"]
[EventDate "2019.05.06"]
[EventType "swiss"]
[EventRounds "9"]
[EventCountry "ESP"]
[SourceTitle "CBM 190 Extra"]
[Source "ChessBase"]
[SourceDate "2019.07.15"]
[SourceVersion "1"]
[SourceVersionDate "2019.07.15"]
[SourceQuality "1"]

1. d4 Nf6 2. Bg5 e6 3. c3 c5 4. e3 b6 5. Nd2 Bb7 6. Ngf3 Be7 7. Bd3 0-0 8. h4 d6 9. Bxf6 Bxf6 10. Bxh7+ Kxh7 11. Ng5+ Kg8 12. Qh5 Re8 13. Qxf7+ 1-0

[Event "Madrid-ch Previa-B"]
[Site "Madrid"]
[Date "2019.02.07"]
[Round "3"]
[White "Largo Barbero, Benito"]
[Black "Marin Aso, Jose Luis"]
[Result "1/2-1/2"]
[WhiteElo "1876"]
[BlackElo "1915"]
[PlyCount "55"]
[EventDate "2019.02.01"]
[EventType "swiss"]
[EventRounds "9"]
[EventCountry "ESP"]
[SourceTitle "CBM 189 Extra"]
[Source "ChessBase"]
[SourceDate "2019.06.03"]
[SourceVersion "1"]
[SourceVersionDate "2019.06.03"]
[SourceQuality "1"]

1. e4 c5 2. Nc3 Nc6 3. g3 g6 4. Bg2 Bg7 5. d3 Rb8 6. f4 e6 7. Nf3 Nge7 8. 0-0 0-0 9. Be3 Nd4 10. Rb1 Nec6 11. Ne2 d6 12. c3 Nxf3+ 13. Bxf3 Bd7 14. Rf2 b5 15. g4 f5 16. Ng3 Ne7 17. Qd2 b4 18. c4 Qc7 19. b3 Nc6 20. gxf5 exf5 21. exf5 Bxf5 22. Nxf5 Rxf5 23. Bg4 Nd4 24. Bf3 Nxf3+ 25. Rxf3 Bc3 26. Qg2 Re8 27. Bf2 Qf7 28. Bg3 1/2-1/2